LDR 00926naa#a2200181#i#450# 001 RU\\bibl\114631 005 20260602014557.2 011 ## _a2588-0209 100 ## _a20260227b2026####ek#y0rusy0150####ca 102 ## _aRU 200 1# _aПРОБЛЕМЫ СЛОЖИВШЕЙСЯ СИСТЕМЫ ЗЕМЛЕПОЛЬЗОВАНИЯ НА ПРИГОРОДНОЙ ТЕРРИТОРИИ КРУПНОГО ГОРОДА _eЖурнальная статья 210 1# _aМосква _cЭлектронная наука _d2026 215 ## _a19 с. 608 ## _aЖурнальная статья _2local 675 ## _aИспользуемые земли. Земельный фонд. 332.334 _aПригородная зона (окружающая территория). Периферийная зона. 911.375.635 _z 700 #1 _aЩерба _gВалентина Николаевна 700 #1 _aСоколов _gНикита Владимирович 856 4# _aiacj.ru _u